00658nam a2200169 i 450000100060000000300090000600500170001500700030003200800410003510000480007624501310012426000320025530000300028785200320031799900170034995201220036631185ES-MaACL20230906154331.0t|030128s1972 sp ||||1| spa d1 aBeascoechea Ariceta, José María.92678610aPlanteamiento técnico-comercial de la empresa y su estructuración mediante modelos / cJosé María Beascoechea Ariceta. aMadrid : bI.E.E., c[1972] a182 p. : bil. ; c21 cm. aES-MaACLjC-47356 bR.81326 c31185d31185 00104070aATENEOMbATENEOMcDEPO2d2008-01-17eSCl0oC-47356p1032216r2023-02-23 00:00:00w2023-02-23yMONOGRAFIA